[Event "Women's Speed Chess Q5"]
[Site "chess.com INT"]
[Date "2020.06.22"]
[Round "7"]
[White "Ismayil, Malak"]
[Black "Abrahamyan, Tatev"]
[Result "0-1"]
[WhiteTitle "WCM"]
[BlackTitle "WGM"]
[WhiteElo "1997"]
[BlackElo "2358"]
[WhiteFideId "13412604"]
[BlackFideId "13301918"]
[EventDate "2020.06.22"]

1. e4 e6 2. d4 d5 3. Nd2 c5 4. exd5 Qxd5 5. Ngf3 cxd4 6. Bc4 Qd7 7. O-O Nc6 8.
Nb3 a6 9. Nbxd4 Nxd4 10. Nxd4 Qc7 11. Bb3 Bd6 12. h3 Ne7 13. c3 Bd7 14. Be3
O-O-O 15. Qf3 e5 16. Nc2 f5 17. Bg5 Bc6 18. Qe2 h6 19. Bxe7 Qxe7 20. Ne3 Qf6 21.
Bd5 Bd7 22. Qc4+ Kb8 23. Qb3 Bc8 24. Nc4 Bc7 25. Rfd1 e4 26. Qb4 Rhe8 27. Na5
Qb6 28. Qxb6 Bxb6 29. Nc4 Ba7 30. Bf7 Rxd1+ 31. Rxd1 Re7 32. Bg6 Kc7 33. Ne3
Bxe3 34. fxe3 Be6 35. b3 Rd7 36. Rxd7+ Kxd7 37. Kf2 Kd6 38. Ke2 Ke5 39. g3 Kf6
40. Be8 g5 41. h4 gxh4 42. gxh4 Ke5 43. h5 f4 44. exf4+ Kxf4 45. c4 Bg4+ 46. Ke1
e3 47. c5 Kg5 48. c6 bxc6 49. Bxc6 Kxh5 50. a4 a5 51. Bd5 Kg5 52. b4 axb4 53. a5
Bc8 54. Ke2 Kf4 55. Bc6 Ba6+ 56. Ke1 h5 57. Be8 b3 58. Bxh5 Bd3 0-1

[Event "Women's Speed Chess Q5"]
[Site "chess.com INT"]
[Date "2020.06.22"]
[Round "7"]
[White "Priyanka, K"]
[Black "Peycheva, Gergana"]
[Result "0-1"]
[WhiteTitle "WIM"]
[BlackTitle "FM"]
[WhiteElo "2218"]
[BlackElo "2255"]
[WhiteFideId "5082986"]
[BlackFideId "2916711"]
[EventDate "2020.06.22"]

1. e4 c5 2. Nf3 Nc6 3. d4 cxd4 4. Nxd4 g6 5. Nc3 Bg7 6. Be3 Nf6 7. Bc4 O-O 8.
Bb3 Re8 9. O-O d6 10. h3 Na5 11. Re1 b6 12. Bg5 Nxb3 13. axb3 Bb7 14. Bxf6 Bxf6
15. Nd5 Bg7 16. c4 Qd7 17. Qd3 e6 18. Nc3 Red8 19. Rad1 Qe7 20. Ndb5 Be5 21. Qe3
Qf6 22. Rf1 Bf4 23. Qd4 Qg5 24. Ne2 Be5 25. Qd3 Bxb2 26. f4 Qc5+ 27. Kh1 Bg7 28.
Nxd6 Qc6 29. Rf2 e5 30. fxe5 Bxe5 31. Qf3 Rxd6 32. Qxf7+ Kh8 33. Rxd6 Qxd6 34.
Qxb7 Rf8 35. Rxf8+ Qxf8 36. Ng1 Qf4 37. Qc8+ Kg7 38. Qd7+ Kh6 39. Nf3 Qc1+ 40.
Ng1 Bf4 41. Qd3 Be3 0-1

[Event "Women's Speed Chess Q5"]
[Site "chess.com INT"]
[Date "2020.06.22"]
[Round "7"]
[White "Diakonova, Ekaterina"]
[Black "Padmini, Rout"]
[Result "0-1"]
[BlackTitle "IM"]
[WhiteElo "2209"]
[BlackElo "2370"]
[WhiteFideId "24172936"]
[BlackFideId "5029295"]
[EventDate "2020.06.22"]

1. e4 e5 2. Nf3 Nc6 3. Bb5 a6 4. Ba4 Nf6 5. O-O b5 6. Bb3 Bb7 7. d3 Be7 8. Nc3
O-O 9. Ne2 Re8 10. Ng3 d5 11. exd5 Nxd5 12. c3 Bf8 13. Ne4 f5 14. a3 h6 15. c4
Na5 16. cxd5 Nxb3 17. Qxb3 Bxd5 18. Qc2 fxe4 19. dxe4 Bf7 20. Rd1 Qe7 21. Be3 c5
22. Rac1 c4 23. Bd2 Bh5 24. Qc3 Qf6 25. Qe3 Rac8 26. Bc3 Bc5 27. Qe2 Rc7 28. Rd5
Bd4 29. Rd1 Bf7 30. R5xd4 exd4 31. Bxd4 Qg6 32. Ne5 Qg5 33. Nf3 Qf4 34. Re1 Rce7
35. Be3 Qxe4 36. Qd2 Qg6 37. Nd4 Bd5 38. g3 Bb7 39. Qe2 Qe4 40. f3 Qxe3+ 41.
Qxe3 Rxe3 42. Rxe3 Rxe3 0-1

[Event "Women's Speed Chess Q5"]
[Site "chess.com INT"]
[Date "2020.06.22"]
[Round "7"]
[White "Ramirez, Maria Eugenia"]
[Black "Millard, Charlotte"]
[Result "1-0"]
[WhiteTitle "WFM"]
[BlackTitle "WCM"]
[WhiteElo "2057"]
[BlackElo "1252"]
[WhiteFideId "3301680"]
[BlackFideId "14320363"]
[EventDate "2020.06.22"]

1. e4 e5 2. Nf3 Nc6 3. Nc3 Nf6 4. Bb5 a6 5. Bxc6 dxc6 6. O-O Bd6 7. h3 h6 8. d4
Nd7 9. dxe5 Nxe5 10. Nxe5 Bxe5 11. Qxd8+ Kxd8 12. Rd1+ Ke7 13. Be3 Bxc3 14. bxc3
Be6 15. Bc5+ Kf6 16. f4 Rhd8 17. Bd4+ Ke7 18. f5 Bc4 19. Bxg7 h5 20. Be5 Rxd1+
21. Rxd1 Bxa2 22. Bxc7 Bc4 23. e5 f6 24. e6 Rc8 25. Rd7+ Ke8 26. Bb6 c5 27. Rh7
Be2 28. Bc7 Rxc7 29. Rxc7 b5 30. Ra7 b4 31. cxb4 cxb4 32. Kf2 Bc4 33. Ke3 Kd8
34. Kd4 Bb5 35. Kc5 b3 36. cxb3 h4 37. Rh7 Ke8 38. Kd6 1-0

[Event "Women's Speed Chess Q5"]
[Site "chess.com INT"]
[Date "2020.06.22"]
[Round "7"]
[White "Martynyuk, Elizaveta"]
[Black "Narva, Regina"]
[Result "1/2-1/2"]
[WhiteTitle "FM"]
[BlackTitle "WFM"]
[WhiteElo "2041"]
[BlackElo "1905"]
[WhiteFideId "24128511"]
[BlackFideId "4500237"]
[EventDate "2020.06.22"]

1. e4 d5 2. exd5 Qxd5 3. Nc3 Qa5 4. d4 Nf6 5. Bd3 Nc6 6. Nf3 Bg4 7. h3 Qh5 8.
Bf4 Nxd4 9. hxg4 Qxh1+ 10. Bf1 Ne6 11. Bg3 g6 12. Qd3 c6 13. O-O-O Qh6+ 14. g5
Nxg5 15. Bf4 Bg7 16. Bxg5 Qh5 17. Ne4 O-O 18. Nxf6+ exf6 19. Bf4 Qa5 20. Kb1 f5
21. Be2 Rfd8 22. Qb3 Rxd1+ 23. Bxd1 Rd8 24. Be2 h6 25. a3 g5 26. Be3 g4 27. Nd2
Rxd2 28. Bxd2 Qxd2 29. Bc4 Qd7 30. Qd3 Qxd3 31. Bxd3 f4 32. Bf5 g3 33. fxg3 fxg3
34. c4 h5 35. Kc2 h4 36. b3 Kf8 37. Kd3 Ke7 38. Ke4 Kd6 39. b4 Bb2 40. a4 Bc3
41. b5 Kc5 42. bxc6 bxc6 43. Kd3 Bf6 44. Bd7 Be7 45. Bf5 Bf6 46. Bd7 Be7 47. a5
Bd8 48. a6 Bg5 49. Bc8 Be7 50. Bd7 Bg5 51. Bc8 Bc1 52. Bd7 Bf4 53. Bc8 Bg5 54.
Bd7 Bf6 55. Bc8 Bg5 56. Bd7 Bf6 57. Bc8 Bg5 1/2-1/2

[Event "Women's Speed Chess Q5"]
[Site "chess.com INT"]
[Date "2020.06.22"]
[Round "7"]
[White "Hoang, Thi Bao Tram"]
[Black "Voit, Daria"]
[Result "0-1"]
[WhiteTitle "WGM"]
[BlackTitle "WGM"]
[WhiteElo "2288"]
[BlackElo "2343"]
[WhiteFideId "12401102"]
[BlackFideId "4182146"]
[EventDate "2020.06.22"]

1. d4 Nf6 2. c3 e6 3. Bg5 c5 4. e3 h6 5. Bh4 b6 6. Nd2 Bb7 7. Ngf3 Be7 8. Bd3 d6
9. O-O cxd4 10. exd4 Nbd7 11. Re1 O-O 12. Qe2 Nh5 13. Bg3 Nxg3 14. hxg3 Nf6 15.
a4 a6 16. Nh2 Qc7 17. Ng4 Nxg4 18. Qxg4 Bc6 19. f4 f5 20. Qe2 Rf6 21. Bxa6 Rg6
22. Bc4 Rxg3 23. Qxe6+ Kh8 24. d5 Be8 25. Qxe7 Qc5+ 26. Kh2 Qf2 27. Bf1 Qxf4 28.
Kg1 Qxd2 29. Qxd6 Qg5 30. Qe5 Bh5 31. Kf2 Rg4 32. Re3 Rf4+ 33. Kg1 Rh4 34. Rae1
Rd8 35. c4 Rg4 36. Qe7 Qxe7 37. Rxe7 Rd4 38. Rb7 Rd6 39. Rb8+ Kh7 40. Rb7 Bg4
41. Ree7 Rg6 42. b3 f4 43. Kf2 Rd2+ 44. Ke1 Rd1+ 45. Kf2 Rd2+ 46. Kg1 f3 47. g3
Bf5 0-1

[Event "Women's Speed Chess Q5"]
[Site "chess.com INT"]
[Date "2020.06.22"]
[Round "7"]
[White "Vijayalakshmi, Subbaraman"]
[Black "Mkrtchian, Lilit"]
[Result "1/2-1/2"]
[WhiteTitle "IM"]
[BlackTitle "IM"]
[WhiteElo "2332"]
[BlackElo "2388"]
[WhiteFideId "5004098"]
[BlackFideId "13300601"]
[EventDate "2020.06.22"]

1. Nf3 d5 2. g3 Nd7 3. Bg2 e5 4. O-O Ngf6 5. d3 Bd6 6. c4 d4 7. e3 dxe3 8. Bxe3
O-O 9. Nc3 c6 10. d4 exd4 11. Nxd4 Ne5 12. b3 Neg4 13. Bc1 Bc5 14. Nce2 Re8 15.
Bb2 Qb6 16. h3 Ne5 17. Qc2 Bd7 18. Rad1 Rad8 19. a3 a5 20. Nf4 Bc8 21. Nf3 Nxf3+
22. Bxf3 Bd4 23. Nd5 cxd5 24. Bxd4 Qc6 25. Bxf6 Qxf6 26. Bxd5 Bxh3 27. Rfe1 g6
28. Qd3 Kg7 29. Rxe8 Rxe8 30. Bxb7 Bg4 31. Rc1 Re7 32. Be4 h5 33. Bg2 h4 34. Qc3
Re5 35. f4 Re2 36. Qxf6+ Kxf6 37. gxh4 Kf5 38. c5 Kxf4 39. c6 Bc8 40. c7 Kg3 41.
Rc3+ Kxh4 42. b4 axb4 43. axb4 f5 44. b5 Rb2 45. Bf1 f4 46. Rc6 g5 47. Rc3 g4
48. Rc4 f3 49. Re4 Kg3 50. Rc4 Rb1 51. Rc2 Bb7 52. Rf2 Bc8 53. Rc2 Kf4 54. Rc4+
Kg3 55. Rc2 1/2-1/2

[Event "Women's Speed Chess Q5"]
[Site "chess.com INT"]
[Date "2020.06.22"]
[Round "7"]
[White "Huda, Maryana"]
[Black "Karnaukhova, Elmira"]
[Result "0-1"]
[WhiteTitle "WGM"]
[BlackTitle "WGM"]
[WhiteElo "2128"]
[BlackElo "2319"]
[WhiteFideId "14116553"]
[BlackFideId "4148827"]
[EventDate "2020.06.22"]

1. e4 c5 2. Nf3 d6 3. d4 cxd4 4. Nxd4 Nf6 5. Nc3 a6 6. a4 e5 7. Nb3 Be7 8. Be2
O-O 9. O-O Be6 10. Bf3 Nbd7 11. Nd5 Nxd5 12. exd5 Bf5 13. c4 Qc7 14. Be2 Bg6 15.
Be3 f5 16. f4 Bf6 17. Rb1 Rae8 18. Kh1 exf4 19. Bxf4 Ne5 20. Rc1 Qd7 21. Nd4 Bf7
22. a5 g6 23. b4 Rc8 24. Nf3 Rfe8 25. Bg5 Bg7 26. Qd2 Ng4 27. h3 Nf6 28. Bf4 Ne4
29. Qd3 Qa4 30. Rb1 Nc3 31. Rb2 Nxd5 32. cxd5 Bxb2 33. Ng5 Qxb4 34. Nxf7 Kxf7
35. Bg5 Qd4 36. Rxf5+ gxf5 37. Qxf5+ Kg7 38. Bh5 Re1+ 39. Kh2 Qe5+ 40. Qxe5+
Bxe5+ 41. g3 Rc2+ 0-1

[Event "Women's Speed Chess Q5"]
[Site "chess.com INT"]
[Date "2020.06.22"]
[Round "7"]
[White "Cholleti, Sahajasri"]
[Black "Balabayeva, Xeniya"]
[Result "0-1"]
[WhiteTitle "WIM"]
[BlackTitle "WFM"]
[WhiteElo "2235"]
[BlackElo "2146"]
[WhiteFideId "5045118"]
[BlackFideId "13719688"]
[EventDate "2020.06.22"]

1. d4 Nf6 2. Nc3 d5 3. Bf4 Bf5 4. f3 c5 5. e3 Nc6 6. g4 Bg6 7. h4 h6 8. Bd3 Bxd3
9. Qxd3 e6 10. Nge2 Qb6 11. Rb1 c4 12. Qd2 Be7 13. Kf2 Nd7 14. Kg2 O-O-O 15. b3
cxb3 16. Rxb3 Qa6 17. Rhb1 b6 18. Nb5 g5 19. hxg5 hxg5 20. Bg3 Kb7 21. Qd3 Rc8
22. Bd6 Qa4 23. Bxe7 Nxe7 24. Nd6+ Kb8 25. Nxc8 Rxc8 26. R1b2 Qc4 27. Qxc4 Rxc4
28. Rc3 Rxc3 29. Nxc3 a6 30. Rb1 Nc6 31. Rh1 Kc7 32. Nd1 Na5 33. Nb2 f6 34. a4
Kd6 35. Kf2 Nc6 36. Ke2 Na5 37. Kd2 Nc6 38. Rh8 e5 39. Ra8 exd4 40. exd4 Nxd4
41. Rxa6 Nxf3+ 42. Ke2 Nfe5 43. a5 Kc7 44. axb6+ Nxb6 45. Ra7+ Kd6 46. Ra6 Kc7
47. Ra7+ Kc6 48. Nd3 Nxg4 49. Rf7 Nd7 50. Kf3 Nge5+ 51. Nxe5+ Nxe5+ 52. Ke3 Nxf7 0-1

[Event "Women's Speed Chess Q5"]
[Site "chess.com INT"]
[Date "2020.06.22"]
[Round "7"]
[White "Hryzlova, Sofiia"]
[Black "Mikheeva, Galina"]
[Result "1-0"]
[WhiteTitle "WCM"]
[BlackTitle "WFM"]
[WhiteElo "1940"]
[BlackElo "1901"]
[WhiteFideId "14174669"]
[BlackFideId "44108320"]
[EventDate "2020.06.22"]

1. c4 Nf6 2. Nc3 e6 3. e4 d5 4. cxd5 exd5 5. e5 Ne4 6. Nf3 Bg4 7. Nxe4 dxe4 8.
Qa4+ Nc6 9. Qxe4 Bxf3 10. gxf3 Bc5 11. Bb5 Qd7 12. a3 O-O 13. Bxc6 bxc6 14. O-O
Rfe8 15. f4 Qg4+ 16. Kh1 Re6 17. d4 Rh6 18. dxc5 Qh3 19. Qg2 Qd3 20. f5 Rh5 21.
Be3 Qxf5 22. Rg1 g6 23. f4 Rf8 24. Rad1 Rh3 25. Rge1 Qh5 26. Bg1 h6 27. Rf1 Kh7
28. Rd7 g5 29. fxg5 hxg5 30. e6 Kg6 31. Rfxf7 Rxh2+ 32. Qxh2 Qg4 33. Rg7+ Kf6
34. Qh6+ Ke5 35. Qh2+ Ke4 36. Qg2+ Qxg2+ 37. Kxg2 Kf4 38. Rxc7 Kf5 39. Rcf7+ Ke5
40. Rxf8 Kxe6 41. Rxa7 Ke5 42. Rc8 Ke4 43. Rxc6 Kd3 44. Rd6+ Kc2 45. c6 Kb1 46.
c7 Ka1 47. c8=Q Ka2 48. b4 Ka1 49. b5 Ka2 50. b6 Ka1 51. b7 Ka2 52. b8=Q Ka1 53.
Qc1+ Ka2 54. Qcb2# 1-0

[Event "Women's Speed Chess Q5"]
[Site "chess.com INT"]
[Date "2020.06.22"]
[Round "7"]
[White "Kaya, Emel"]
[Black "Vifleemskaia, Svetlana"]
[Result "0-1"]
[WhiteTitle "WCM"]
[BlackTitle "WFM"]
[WhiteElo "1912"]
[BlackElo "1943"]
[WhiteFideId "6306411"]
[BlackFideId "4129490"]
[EventDate "2020.06.22"]

1. e4 e5 2. Nf3 Nc6 3. Bc4 Nf6 4. Ng5 d5 5. exd5 Na5 6. Bb5+ c6 7. dxc6 bxc6 8.
Be2 h6 9. Nf3 e4 10. Ne5 Bc5 11. d4 Qxd4 12. c3 Qxe5 13. b4 Bb6 14. bxa5 Bxa5
15. O-O O-O 16. Be3 Bc7 17. g3 Bh3 18. Re1 Rfd8 19. Qa4 Qe6 20. Bc4 Nd5 21. Nd2
Qg6 22. Qc2 Re8 23. Bd4 e3 24. Qxg6 exf2+ 25. Bxf2 fxg6 26. Nb3 Kh7 27. Nd4 Nxc3
28. Nxc6 Bb6 29. Nd4 Ne4 30. Rad1 Rad8 31. Bb3 Nxf2 32. Rxe8 Nxd1 33. Rxd8 Bxd8
34. Nc6 Bb6+ 35. Kh1 Ne3 36. Bd5 Ng4 37. Nd4 Nf2+ 38. Kg1 Bxd4 39. a4 Nd3+ 40.
Kh1 Nb4 41. Bf3 a5 42. Be4 Bf2 43. g4 Bxg4 44. h4 Bd4 45. Kh2 Bf5 46. Bf3 Bc2
47. h5 gxh5 48. Bxh5 Bxa4 49. Bf3 Bc2 50. Kh1 a4 51. Kh2 a3 52. Kh3 a2 53. Kh2
a1=Q 54. Kg3 Qc3 55. Kh2 Qd2+ 56. Kg3 Qf2+ 57. Kh3 Qxf3+ 58. Kh2 Be5+ 0-1

[Event "Women's Speed Chess Q5"]
[Site "chess.com INT"]
[Date "2020.06.22"]
[Round "7"]
[White "Hernandez Bonilla, Amelia"]
[Black "Nikulina, Alena"]
[Result "0-1"]
[WhiteTitle "WFM"]
[BlackTitle "WFM"]
[WhiteElo "2016"]
[BlackElo "1887"]
[WhiteFideId "3900193"]
[BlackFideId "4172051"]
[EventDate "2020.06.22"]

1. d4 Nf6 2. Nf3 e6 3. e3 b6 4. Bd3 Bb7 5. Nbd2 c5 6. c3 d5 7. Ne5 Nc6 8. f4 Bd6
9. Qf3 Nd7 10. Qh5 g6 11. Nxg6 fxg6 12. Bxg6+ hxg6 13. Qxh8+ Ke7 14. Qg7+ Ke8
15. Qxg6+ Ke7 16. Qg7+ Ke8 17. Nf3 Qf6 18. Qxf6 Nxf6 19. h3 Ne4 20. Bd2 Ke7 21.
O-O Rg8 22. Be1 Ba6 23. Bh4+ Kd7 24. Rfe1 Ne7 25. Kh2 Nf5 26. g4 Nxe3 27. Ne5+
Bxe5 28. fxe5 Nc2 29. Rac1 Nxe1 30. Rxe1 Rf8 31. Kg2 Bd3 32. Re3 c4 33. Rf3 Ke8
34. Rxf8+ Kxf8 35. Bd8 Kg7 36. h4 Bb1 37. a3 Nd2 38. Kg3 Nb3 39. Bf6+ Kg6 40.
Kf4 Nc1 41. h5+ Kh6 42. Bg5+ Kh7 43. Be7 Nd3+ 44. Kg5 Nxb2 45. Kf6 Nd1 46. g5
Nxc3 47. g6+ Kg8 48. h6 Ne4+ 49. Kxe6 c3 50. Bf6 Nxf6 51. exf6 Bxg6 0-1

[Event "Women's Speed Chess Q5"]
[Site "chess.com INT"]
[Date "2020.06.22"]
[Round "7"]
[White "Luong, Phuong Hanh"]
[Black "Nguyen, Thi Thanh An"]
[Result "1-0"]
[WhiteTitle "WIM"]
[BlackTitle "WGM"]
[WhiteElo "2230"]
[BlackElo "2285"]
[WhiteFideId "12401013"]
[BlackFideId "12400300"]
[EventDate "2020.06.22"]

1. d4 Nf6 2. Nf3 g6 3. g3 Bg7 4. Bg2 O-O 5. O-O d6 6. a4 c5 7. c3 Nc6 8. Be3
cxd4 9. Nxd4 Bd7 10. h3 Qc8 11. Kh2 Nxd4 12. Bxd4 Bc6 13. Bxc6 Qxc6 14. Na3 a6
15. Nc2 Rad8 16. a5 e5 17. Bb6 Rd7 18. Nb4 Qc4 19. Nd3 Re8 20. Ra4 Qc6 21. Qb3
d5 22. Rd1 Bf8 23. Raa1 Ne4 24. Nb4 Bxb4 25. Qxb4 Qe6 26. Be3 Rc8 27. Qa4 Rc6
28. Qb3 h5 29. Ra4 Nc5 30. Bxc5 Rxc5 31. Rb4 Rxa5 32. Rxb7 Rxb7 33. Qxb7 Rb5 34.
Qa8+ Kg7 35. b4 d4 36. cxd4 exd4 37. Rxd4 Qxe2 38. Kg2 Rf5 39. Rf4 Rxf4 40. gxf4
Qc4 41. Qb8 Qb5 42. Qd6 a5 43. Qd4+ Kh7 44. Qf6 Kg8 45. Qd8+ Kh7 46. bxa5 Qc6+
47. Kh2 Qf3 48. Qd4 Qc6 49. Kg3 Qb5 50. Qb6 Qd3+ 51. Kh2 Qf3 52. Qe3 Qc6 53. Qa3
Qa6 54. Kg3 Kg8 55. h4 Kh7 56. Qb3 Kg8 57. Qd5 1-0

[Event "Women's Speed Chess Q5"]
[Site "chess.com INT"]
[Date "2020.06.22"]
[Round "7"]
[White "Kubicka, Anna"]
[Black "Pham, Bich Ngoc"]
[Result "1-0"]
[WhiteTitle "WIM"]
[BlackTitle "WIM"]
[WhiteElo "2256"]
[BlackElo "2235"]
[WhiteFideId "1152254"]
[BlackFideId "12401285"]
[EventDate "2020.06.22"]

1. e4 g6 2. d4 Bg7 3. Nc3 d6 4. f4 Nc6 5. Nf3 e6 6. Be3 Nge7 7. Be2 O-O 8. O-O
f5 9. e5 dxe5 10. dxe5 Nb4 11. Bc5 Nbd5 12. Nxd5 Nxd5 13. Bxf8 Qxf8 14. Qd2 b6
15. c4 Qc5+ 16. Kh1 Ne3 17. Rfe1 Ng4 18. h3 Nf2+ 19. Kh2 Bb7 20. Ng5 Qe7 21. Bf3
Bxf3 22. Nxf3 Ne4 23. Qe3 Qb4 24. b3 Bf8 25. Rad1 Bc5 26. Qc1 Bf2 27. Re2 Bg3+
28. Kh1 Nf2+ 29. Rxf2 Bxf2 30. Ng5 Re8 31. Rd7 h6 32. Nf7 Qf8 33. Qd2 Bc5 34.
Rxc7 Be7 35. Nd6 Rd8 36. Qb2 Bxd6 37. exd6 Rxd6 38. Qe5 Rd1+ 39. Kh2 Rd6 40.
Rxa7 g5 41. b4 Rc6 42. a4 gxf4 43. Qxf4 Qd6 44. Qxd6 Rxd6 45. a5 bxa5 46. bxa5
Rc6 47. a6 Rxc4 48. Re7 Rc6 49. a7 Ra6 50. Rb7 e5 51. Rb8+ Kf7 52. a8=Q Rxa8 53.
Rxa8 e4 54. Ra5 Ke6 55. Kg3 Kf6 56. Kf4 e3 57. Rxf5+ Ke6 58. Re5+ Kd6 59. Rxe3
h5 60. Kg5 h4 61. Kh5 Kd5 62. Re1 Kc4 63. Kxh4 Kd4 64. Re8 Kd3 65. Kg5 Kd2 66.
Kf6 Kc2 67. Rd8 Kb3 68. Ke6 Kc3 69. Ke5 Kc4 70. g4 Kb4 71. Rc8 Kb5 72. Kd6 Kb6
73. Rb8+ Ka7 74. Rb1 Ka8 75. Kc7 Ka7 76. Ra1# 1-0

[Event "Women's Speed Chess Q5"]
[Site "chess.com INT"]
[Date "2020.06.22"]
[Round "7"]
[White "Golubeva, Oksana"]
[Black "Goh, Jie Yi"]
[Result "1-0"]
[WhiteTitle "WFM"]
[BlackTitle "WCM"]
[WhiteElo "2179"]
[BlackElo "1743"]
[WhiteFideId "4170164"]
[BlackFideId "5710049"]
[EventDate "2020.06.22"]

1. Nf3 e6 2. d3 d5 3. Nbd2 c5 4. e4 Nc6 5. g3 Nf6 6. Bg2 Be7 7. O-O O-O 8. e5
Nd7 9. Re1 Qc7 10. Qe2 b5 11. Nf1 a5 12. h4 Ba6 13. h5 b4 14. Bf4 a4 15. a3 bxa3
16. bxa3 Rfb8 17. h6 g6 18. N1h2 Rb2 19. Bc1 Rb7 20. Ng4 Rab8 21. Bg5 Rb2 22.
Qe3 d4 23. Qf4 Qd8 24. Bxe7 Nxe7 25. Nf6+ Nxf6 26. Qxf6 Qf8 27. Ng5 Nf5 28. Nxe6
fxe6 29. Qxe6+ Kh8 30. Qxa6 Nxh6 31. e6 Qe7 32. Qc4 Ng8 33. Qxa4 Nf6 34. Qc4 Kg7
35. a4 R8b4 36. Qa6 Rxc2 37. Bf3 Rbb2 38. Rf1 g5 39. Qc6 Ne8 40. a5 Nc7 41. a6
Nb5 42. Qd7 Kf8 43. Bc6 Na7 44. Qd5 Qf6 45. Qf3 Qxf3 46. Bxf3 Ke7 47. Bd5 Kd6
48. Bc4 Ke7 49. Kg2 Re2 50. Rae1 Rbd2 51. Rxe2 Rxe2 52. Rh1 h6 53. Rxh6 1-0

[Event "Women's Speed Chess Q5"]
[Site "chess.com INT"]
[Date "2020.06.22"]
[Round "7"]
[White "Vaishali, R"]
[Black "Tereladze, Sopiko"]
[Result "1-0"]
[WhiteTitle "WGM"]
[BlackTitle "WIM"]
[WhiteElo "2393"]
[BlackElo "2141"]
[WhiteFideId "5091756"]
[BlackFideId "13600486"]
[EventDate "2020.06.22"]

1. e4 e5 2. Nf3 Nc6 3. Bb5 a6 4. Ba4 Nf6 5. d3 b5 6. Bb3 Be7 7. O-O O-O 8. Re1
d6 9. c3 Na5 10. Bc2 c5 11. Nbd2 Qc7 12. Nf1 Re8 13. Ng3 h6 14. a4 Bd7 15. Bd2
Nc6 16. Qc1 Bf8 17. h3 Kh7 18. d4 cxd4 19. cxd4 Rac8 20. Bd3 Nxd4 21. Nxd4 exd4
22. Qxc7 Rxc7 23. e5+ Kg8 24. exf6 Rxe1+ 25. Rxe1 gxf6 26. axb5 axb5 27. Ne4 Kg7
28. Rc1 Ra7 29. Bb4 Bf5 30. f3 Bxe4 31. fxe4 Ra2 32. Rb1 Ra7 33. Kf1 f5 34. exf5
Kf6 35. Kf2 Ke5 36. Re1+ Kd5 37. b3 Bg7 38. Be4+ Ke5 39. Bd3+ Kd5 40. Re8 Be5
41. Kf3 Kc6 42. Rb8 Ra1 43. Bxb5+ Kc7 44. Rf8 f6 45. Bd2 Kb6 46. Bd3 Ra3 47.
Rb8+ Kc7 48. Rb4 Ra2 49. Rc4+ Kb6 50. Rc2 Ra3 51. Rc4 Ra2 52. Bxh6 Ra1 53. Bf4
Bxf4 54. Kxf4 Rd1 55. Rxd4 Kc5 56. Rc4+ Kd5 57. Be4# 1-0

[Event "Women's Speed Chess Q5"]
[Site "chess.com INT"]
[Date "2020.06.22"]
[Round "7"]
[White "Chitlange, Sakshi"]
[Black "Khomeriki, Nino"]
[Result "1-0"]
[WhiteTitle "WIM"]
[BlackTitle "WGM"]
[WhiteElo "2167"]
[BlackElo "2319"]
[WhiteFideId "35002899"]
[BlackFideId "13603191"]
[EventDate "2020.06.22"]

1. d4 Nf6 2. c4 e6 3. Nf3 d5 4. g3 Bb4+ 5. Bd2 Bd6 6. Bg2 O-O 7. Bg5 Be7 8. O-O
c6 9. Nbd2 Nbd7 10. Qc2 Re8 11. e4 dxc4 12. Nxc4 h6 13. Bf4 Nb6 14. Nce5 Bd7 15.
Rfe1 Rc8 16. Nd3 Bf8 17. Nc5 Bxc5 18. dxc5 Na8 19. Rad1 Qa5 20. Bd2 Qc7 21. Bf4
Qa5 22. Ne5 Rcd8 23. Nc4 Qxc5 24. Be3 Qh5 25. Nd6 Rf8 26. Nxb7 Rb8 27. Nc5 Nb6
28. a4 a5 29. Bf4 Rbd8 30. Bc7 Rc8 31. Bxb6 Ng4 32. h3 Ne5 33. Nxd7 Nxd7 34.
Rxd7 Rb8 35. Bc5 Rfc8 36. Red1 Qg5 37. Be7 Qe5 38. Rd8+ Rxd8 39. Rxd8+ Rxd8 40.
Bxd8 Qd4 41. Bxa5 c5 42. Bc3 Qc4 43. a5 Qb5 44. Bf1 Qc6 45. a6 c4 46. Bd4 Qa8
47. Bxc4 Kh7 48. e5+ g6 49. a7 Kg7 50. Bd3 Qf3 51. Be4 Qh5 52. a8=Q Qxh3 53. Bg2
Qh1+ 1-0

[Event "Women's Speed Chess Q5"]
[Site "chess.com INT"]
[Date "2020.06.22"]
[Round "7"]
[White "Vargas, Gabriela"]
[Black "Injac, Teodora"]
[Result "0-1"]
[WhiteTitle "WIM"]
[BlackTitle "WIM"]
[WhiteElo "2170"]
[BlackElo "2286"]
[WhiteFideId "3700860"]
[BlackFideId "932400"]
[EventDate "2020.06.22"]

1. d4 Nf6 2. Nf3 g6 3. Bg5 Bg7 4. Nbd2 d6 5. c3 O-O 6. e4 h6 7. Bh4 c5 8. d5 g5
9. Bg3 Nh5 10. Be2 Nd7 11. O-O Nxg3 12. hxg3 a6 13. a4 Rb8 14. a5 b5 15. axb6
Rxb6 16. Nc4 Rb5 17. Qc2 Bb7 18. Ra3 Bc8 19. Rfa1 Nb8 20. Nfd2 e6 21. Na5 exd5
22. Bxb5 axb5 23. exd5 Qf6 24. Nc6 Nxc6 25. dxc6 d5 26. c7 Qd6 27. Ra7 Re8 28.
Nf3 Bf6 29. Qd3 Qc6 30. Qd2 Kg7 31. Re1 Re4 32. Rxe4 dxe4 33. Ne1 Qb6 34. Ra8
Qxc7 35. Nc2 Be6 36. Ne3 Qe5 37. Ra3 Be7 38. Ra7 Bf6 39. Ra5 c4 40. Qd4 Qxd4 41.
cxd4 Bxd4 42. Rxb5 Kf6 43. Nc2 Be5 44. Kf1 h5 45. Ke2 c3 46. b3 h4 47. gxh4 gxh4
48. Kd1 h3 49. gxh3 Bxh3 50. Ne3 Be6 51. Kc2 Bd4 52. Nd1 Bc8 53. b4 Ba6 54. Rb8
Bd3+ 55. Kb3 c2 0-1

[Event "Women's Speed Chess Q5"]
[Site "chess.com INT"]
[Date "2020.06.22"]
[Round "7"]
[White "Yu, Jennifer"]
[Black "Swati, Mohota"]
[Result "1-0"]
[WhiteTitle "FM"]
[BlackTitle "WFM"]
[WhiteElo "2315"]
[BlackElo "2027"]
[WhiteFideId "2078341"]
[BlackFideId "5006511"]
[EventDate "2020.06.22"]

1. d4 d5 2. c4 c6 3. Nf3 Nf6 4. e3 Bf5 5. Nc3 e6 6. Nh4 Bg4 7. f3 Bh5 8. Qb3 b6
9. cxd5 exd5 10. Bd2 Ne4 11. fxe4 Qxh4+ 12. g3 Qd8 13. Bg2 dxe4 14. O-O Be7 15.
Nxe4 O-O 16. Rac1 Bg4 17. Nf2 Be6 18. Qc2 Bd5 19. e4 Be6 20. Bc3 Na6 21. d5 cxd5
22. exd5 Bd7 23. d6 Bxd6 24. Rcd1 Qc7 25. Bxa8 Rxa8 26. Qd3 Nc5 27. Qxd6 Qxd6
28. Rxd6 Bb5 29. Rfd1 h6 30. Ng4 Rf8 31. Ne5 Ne4 32. Rd8 Nxc3 33. bxc3 f6 34.
Rxf8+ Kxf8 35. Ng6+ Kf7 36. Nf4 Ke7 37. Rd4 a6 38. c4 Bc6 39. Nd5+ Bxd5 40. Rxd5
Ke6 41. Kf2 g5 42. Ke3 f5 43. Kd4 a5 44. c5 bxc5+ 45. Rxc5 f4 46. gxf4 gxf4 47.
Ke4 Kd6 48. Rxa5 h5 49. Kxf4 Kc6 50. Rxh5 Kd6 51. Rg5 Ke6 52. h4 Kd6 53. h5 1-0